| 000 | 00468nam a22001577a 4500 | ||
|---|---|---|---|
| 005 | 20251108170035.0 | ||
| 008 | 250721s1992 xx 000 0 ara d | ||
| 082 | 1 | 4 | _aق/قصص |
| 245 | 1 | 0 |
_aقصص 92 : _bالمشهد الجديد في القصة العراقية / |
| 264 | 1 |
_aبغداد : _bمنشورات الأمد، _c1992. |
|
| 300 | _a137ص | ||
| 650 | 1 | 7 | _aالقصص العربية |
| 650 | 1 | 7 | _aأدب الأطفال |
| 942 |
_2ddc _cBK |
||
| 999 |
_c38161 _d38161 |
||